Zhodnotenie kvality zložiek životného prostredia v mikroúzemí Bradlianskeho potoka a Jelešnice

Gespeichert in:
Bibliographische Detailangaben
1. Verfasser: Berecová, Martina (Verfasst von)
Weitere Verfasser: Sirotiak, Maroš (Betreuung Doktorarbeit)
Format: Manuskript Buch
Sprache:Slowakisch
Veröffentlicht: 2025
Schlagworte:
Online-Zugang:http://is.stuba.sk/zp/portal_zp.pl?podrobnosti=183723
Tags: Tag hinzufügen
Keine Tags, Fügen Sie das erste Tag hinzu!

MARC

LEADER 00000ntm a22000003a 4500
001 stuzp105519
003 SK-STU
005 20250614213857.7
007 ta
008 150427s2015----xo-----f-mn---000-0-slo-d
040 |a STU  |b slo 
041 0 |a slo 
100 1 |a Berecová, Martina  |u 065000  |4 aut  |U MTF Materiálovotechnologická fakulta  |T MTF Ústav integrovanej bezpečnosti  |X 109885  |U M5000  |Y 85  |7 109885 
242 0 1 |a Evaluation of the quality of environmental components in the micro-territory of Bradlianský stream and Jelešnica  |y eng 
245 1 0 |a Zhodnotenie kvality zložiek životného prostredia v mikroúzemí Bradlianskeho potoka a Jelešnice 
260 |c 2025 
650 4 |a bottom sediment  |2 eng 
650 4 |a soil  |2 eng 
650 4 |a surface water  |2 eng 
650 4 |a water quality  |2 eng 
650 4 |a groundwater  |2 eng 
650 4 |a dnový sediment  |2 slo 
650 4 |a pôda  |2 slo 
650 4 |a povrchová voda  |2 slo 
650 4 |a kvalita pôdy  |2 slo 
650 4 |a podzemná voda  |2 slo 
700 1 |a Sirotiak, Maroš  |u 065100  |k Z1  |4 ths  |U MTF Ústav integrovanej bezpečnosti  |T MTF Katedra environmentálneho inžinierstva  |X 3580  |U M5100  |Y 194  |7 A000003580 
856 4 |u http://is.stuba.sk/zp/portal_zp.pl?podrobnosti=183723 
996 |c M* DP-15488  |l MMSKP  |s P  |a 0  |w stuzp105519_0001